Массовая литература XX века: учебное пособие

Podrobná bibliografie
Hlavní autor: Черняк М. А. Мария Александровна
Shrnutí:Исключено из фонда НТБ ТПУ
Jazyk:ruština
Vydáno: Москва, Флинта, 2007
Médium: MixedMaterials Kniha
KOHA link:https://koha.lib.tpu.ru/cgi-bin/koha/opac-detail.pl?biblionumber=153556

MARC

LEADER 00000nam0a2200000 4500
001 153556
005 20231031151441.0
010 |a 9785976500525  |b (в пер.)  |b 1500 экз. 
010 |a 978-5-02-034661-1 
021 |a RU  |b 07-51443  |9 07-2722 
035 |a (RuTPU)RU\TPU\book\166585 
090 |a 153556 
100 |a 20070917d2007 m y0rusy5002 ca 
101 0 |a rus 
102 |a RU 
105 |a y j 001ay 
200 1 |a Массовая литература XX века  |e учебное пособие  |f М. А. Черняк 
210 |a Москва  |c Флинта  |c Наука  |d 2007 
215 |a 430 с. 
320 |a Библиогр.: с. 411-429. 
333 |a Исключено из фонда НТБ ТПУ 
675 |a 8Р2(075.8)  |v 3 
700 1 |a Черняк  |b М. А.  |g Мария Александровна  |4 070 
801 1 |a RU  |b 63413507  |c 20090213  |g PSBO 
801 2 |a RU  |b 63413507  |c 20220527  |g PSBO 
942 |c BK 
959 |a 25/20090211  |d 1  |e 0  |f ХФ:1